<A> Csechoszlovák fejlódés néhány vonása a két világháboru közott
Salvato in:
| Autore principale: | |
|---|---|
| Natura: | Libro |
| Lingua: | ungherese |
| Pubblicazione: |
Budapest
Világgazdasági kutató intézet
1980
|
| Tags: |
Nessun Tag, puoi essere il primo ad aggiungerne!!
|
MARC
| LEADER | 00000nam a2200000 4500 | ||
|---|---|---|---|
| 001 | c142591 | ||
| 005 | 20041019155325.3 | ||
| 041 | 0 | |a hun | |
| 044 | |a HU | ||
| 245 | 1 | 0 | |a <A> Csechoszlovák fejlódés néhány vonása a két világháboru közott |c György Lengyel |
| 264 | 1 | |a Budapest |b Világgazdasági kutató intézet |c 1980 | |
| 300 | |a 60 s. | ||
| 100 | 1 | |a Lengyel, György | |